[Event "O Pohár mìsta Øíèany 2014 - OPEN A"]
[Site "Øíèany"]
[Date "2014.08.24"]
[Round "3.1"]
[White "Bednar, Marcel"]
[Black "Vyprachticky, David"]
[Result "1/2-1/2"]
[WhiteElo "2300"]
[BlackElo "2121"]
[PlyCount "109"]
[EventDate "2014.??.??"]

1. d4 Nf6 2. c4 e5 3. dxe5 Ng4 4. Nf3 Bc5 5. e3 Nc6 6. a3 a5 7. b3 Ngxe5 8. Bb2
d6 9. Nc3 O-O 10. Be2 Nxf3+ 11. Bxf3 Ne5 12. Be2 Bf5 13. Nd5 c6 14. Nf4 Re8 15.
O-O Qg5 16. Qd2 Ng4 17. Bxg4 Bxg4 18. b4 Bb6 19. Qc3 Bd8 20. h3 Bf6 21. Qd2
Bxb2 22. Qxb2 Bc8 23. Rfd1 axb4 24. axb4 Rxa1 25. Rxa1 Qe5 26. Qxe5 dxe5 27.
Nd3 Be6 28. Rc1 f6 29. Nc5 b6 30. Ne4 f5 31. Nd6 Ra8 32. c5 b5 33. f3 Ra2 34.
e4 fxe4 35. fxe4 Kf8 36. Rb1 Ke7 37. Nb7 Re2 38. Nd6 Ra2 39. Kf1 Kf6 40. Kg1
Kg5 41. Nb7 Kf4 42. Nd8 Bc4 43. Kh2 Bd3 44. Re1 Be2 45. Kg1 Kxe4 46. Nxc6 Kf4
47. Nxe5 Rb2 48. c6 Rc2 49. c7 Ke3 50. Nd7 Rxc7 51. Nc5 Kd2 52. Ra1 Bc4 53. Ra3
Re7 54. Kh2 Re3 55. Ra7 1/2-1/2

[Event "O Pohár mìsta Øíèany 2014 - OPEN A"]
[Site "Øíèany"]
[Date "2014.08.24"]
[Round "3.3"]
[White "Cerny, Martin"]
[Black "Dungl, Martin"]
[Result "1/2-1/2"]
[WhiteElo "2184"]
[BlackElo "2093"]
[PlyCount "25"]
[EventDate "2014.??.??"]

1. d4 Nf6 2. c4 e6 3. Nf3 Bb4+ 4. Nbd2 O-O 5. a3 Bxd2+ 6. Bxd2 Ne4 7. Qc2 Nxd2
8. Qxd2 d6 9. g3 Qe7 10. Qe3 Nc6 11. Bg2 e5 12. O-O Bg4 13. dxe5 1/2-1/2

[Event "O Pohár mìsta Øíèany 2014 - OPEN A"]
[Site "Øíèany"]
[Date "2014.08.24"]
[Round "3.5"]
[White "Vanka, Miloslav"]
[Black "Skalicky, Tomas"]
[Result "1-0"]
[WhiteElo "2135"]
[BlackElo "2024"]
[PlyCount "73"]
[EventDate "2014.??.??"]

1. d4 d5 2. Nf3 Nf6 3. Bf4 c5 4. c3 cxd4 5. cxd4 Nc6 6. Qb3 Na5 7. Qc2 Bd7 8.
Nc3 e6 9. e3 Rc8 10. Bd3 Nc6 11. a3 Be7 12. O-O O-O 13. Ne5 h6 14. Qe2 Be8 15.
Rac1 Bd6 16. Bb1 Nh7 17. g4 Ne7 18. Kh1 f6 19. Nd3 g5 20. Bg3 Bg6 21. f3 h5 22.
gxh5 Bxh5 23. Qg2 Nf5 24. Bf2 Rf7 25. Qh3 Bg6 26. e4 dxe4 27. fxe4 Ng7 28. e5
Bf5 29. Qe3 Bb8 30. Bg3 Nh5 31. Ba2 Ng7 32. exf6 Nxf6 33. Bxb8 Rxb8 34. Rxf5
exf5 35. Ne5 Ng4 36. Nxf7 Qd5+ 37. Nxd5 1-0

[Event "O Pohár mìsta Øíèany 2014 - OPEN A"]
[Site "Øíèany"]
[Date "2014.08.24"]
[Round "3.6"]
[White "Kulhanek, Tomas"]
[Black "Jelinek, Michal"]
[Result "1-0"]
[WhiteElo "2333"]
[BlackElo "1946"]
[PlyCount "71"]
[EventDate "2014.??.??"]

1. e4 e6 2. d4 d5 3. e5 c5 4. c3 Qb6 5. Nf3 Nc6 6. a3 Nh6 7. b4 cxd4 8. cxd4
Nf5 9. Bb2 Bd7 10. g4 Nfe7 11. Nc3 Na5 12. Qc2 Nc4 13. Bxc4 dxc4 14. Ne4 Qc6
15. Nfd2 b5 16. Nd6+ Kd8 17. Nxf7+ Ke8 18. Nd6+ Kd8 19. N2e4 Be8 20. a4 a6 21.
axb5 axb5 22. Rxa8+ Qxa8 23. Nxe8 Kxe8 24. Nd6+ Kd7 25. O-O Ng6 26. d5 Bxd6 27.
dxe6+ Ke8 28. exd6 Nh4 29. f4 Nf3+ 30. Rxf3 Qxf3 31. Qf5 Qe3+ 32. Kg2 Qe2+ 33.
Kg3 Qe3+ 34. Kh4 g5+ 35. fxg5 Qe1+ 36. Kh5 1-0

[Event "O Pohár mìsta Øíèany 2014 - OPEN A"]
[Site "Øíèany"]
[Date "2014.08.24"]
[Round "3.7"]
[White "Postupa, Pavel"]
[Black "Krejci, Martin"]
[Result "1-0"]
[WhiteElo "2260"]
[BlackElo "2059"]
[PlyCount "85"]
[EventDate "2014.??.??"]

1. e4 e5 2. Nf3 Nc6 3. Bb5 a6 4. Ba4 Nf6 5. d3 d6 6. c4 g6 7. Nc3 Bg7 8. h3 O-O
9. Be3 Bd7 10. Qd2 Ne7 11. Bd1 c6 12. O-O Ne8 13. d4 Qc7 14. Bb3 exd4 15. Bxd4
c5 16. Bxg7 Kxg7 17. Rad1 Bc6 18. Bc2 b5 19. b3 b4 20. Nd5 Nxd5 21. cxd5 Bb5
22. Rfe1 a5 23. Bd3 Bxd3 24. Qxd3 a4 25. Nd2 axb3 26. axb3 f5 27. Nc4 fxe4 28.
Qxe4 Qd8 29. Qe7+ Qxe7 30. Rxe7+ Rf7 31. Re3 Rf6 32. Rde1 Kf8 33. Nb6 Rd8 34.
Rxe8+ Rxe8 35. Nd7+ Kf7 36. Rxe8 Kxe8 37. Nxf6+ Kd8 38. Ne4 c4 39. bxc4 b3 40.
Nd2 b2 41. Kf1 Kc7 42. Ke2 Kb6 43. Kd3 1-0

[Event "O Pohár mìsta Øíèany 2014 - OPEN A"]
[Site "Øíèany"]
[Date "2014.08.24"]
[Round "3.8"]
[White "Vecera, Petr"]
[Black "Balacek, Tadeas"]
[Result "0-1"]
[WhiteElo "2045"]
[BlackElo "2237"]
[PlyCount "27"]
[EventDate "2014.??.??"]

1. e4 e6 2. d4 d5 3. exd5 exd5 4. Bd3 c5 5. dxc5 Bxc5 6. Nf3 Nf6 7. O-O O-O 8.
Nbd2 Nc6 9. Nb3 Bb6 10. Bg5 Bg4 11. h3 Bh5 12. c3 Qd6 13. Bh4 Rfe8 14. Bg3 0-1

[Event "O Pohár mìsta Øíèany 2014 - OPEN A"]
[Site "Øíèany"]
[Date "2014.08.24"]
[Round "3.9"]
[White "Moravec, Vit"]
[Black "Fencl, Pavel"]
[Result "1-0"]
[WhiteElo "2162"]
[BlackElo "1974"]
[PlyCount "49"]
[EventDate "2014.??.??"]

1. e4 g6 2. d4 c6 3. Nc3 d5 4. Be3 Bg7 5. Qd2 dxe4 6. Nxe4 Bf5 7. Ng3 Be6 8.
Nf3 Nf6 9. c4 Nbd7 10. Be2 Nb6 11. b3 h5 12. Ng5 Qd7 13. N3e4 Nxe4 14. Nxe4 Rd8
15. Rd1 Bf5 16. Nc5 Qc8 17. Qb4 e5 18. Bg5 Rxd4 19. Ne4 Bf8 20. Nf6+ Kd8 21.
Rxd4+ exd4 22. c5 Qe6 23. Qxd4+ Kc8 24. cxb6 axb6 25. Nd5 1-0

[Event "O Pohár mìsta Øíèany 2014 - OPEN A"]
[Site "Øíèany"]
[Date "2014.08.24"]
[Round "3.10"]
[White "Vavrinec, Tomas"]
[Black "Krivanek, Vladimir"]
[Result "1/2-1/2"]
[WhiteElo "2044"]
[BlackElo "2157"]
[PlyCount "69"]
[EventDate "2014.??.??"]

1. c4 c5 2. Nc3 Nf6 3. Nf3 g6 4. g3 Bg7 5. Bg2 O-O 6. O-O Nc6 7. d4 cxd4 8.
Nxd4 a6 9. c5 Nxd4 10. Qxd4 d6 11. cxd6 Ne8 12. Qh4 Nxd6 13. Rd1 Bxc3 14. bxc3
Bd7 15. Qd4 Bc6 16. Bxc6 bxc6 17. Bh6 Nf5 18. Qc5 Nxh6 19. Rxd8 Rfxd8 20. Qxe7
Nf5 21. Qb7 c5 22. e4 Nd6 23. Qe7 Nb5 24. c4 Nc3 25. Qe5 Rd4 26. Re1 Rc8 27.
Re3 Nxa2 28. Rf3 Nb4 29. Qe7 Rf8 30. Qxc5 Rd1+ 31. Kg2 Nd3 32. Rxd3 Rxd3 33.
Qb6 Ra8 34. Qa5 Rd4 35. e5 1/2-1/2

[Event "O Pohár mìsta Øíèany 2014 - OPEN A"]
[Site "Øíèany"]
[Date "2014.08.24"]
[Round "3.11"]
[White "Koper, Stefan"]
[Black "Korsa, Jindrich"]
[Result "0-1"]
[WhiteElo "1954"]
[BlackElo "2134"]
[PlyCount "46"]
[EventDate "2014.??.??"]

1. d4 g6 2. c4 Bg7 3. Nc3 d6 4. e4 Nc6 5. d5 Nd4 6. Be3 c5 7. Bd3 e5 8. Nge2
Nf6 9. f3 O-O 10. O-O Nh5 11. g4 Nxe2+ 12. Qxe2 Nf4 13. Qd2 Nxd3 14. Qxd3 f5
15. gxf5 gxf5 16. Kh1 f4 17. Bf2 Qg5 18. b4 b6 19. bxc5 bxc5 20. Rab1 Rf6 21.
Rb3 Rh6 22. Bg1 Bh3 23. Rf2 Rg6 {Dale necitelne!!} 0-1

[Event "O Pohár mìsta Øíèany 2014 - OPEN A"]
[Site "Øíèany"]
[Date "2014.08.24"]
[Round "3.12"]
[White "Rut, Vojtech"]
[Black "Kratky, Josef"]
[Result "1/2-1/2"]
[WhiteElo "2119"]
[BlackElo "2009"]
[PlyCount "53"]
[EventDate "2014.??.??"]

1. d4 d5 2. Nf3 Nf6 3. c4 c6 4. e3 e6 5. b3 Nbd7 6. Bb2 Ne4 7. Bd3 f5 8. O-O
Bd6 9. Ba3 Ndf6 10. Bxd6 Qxd6 11. Ne5 O-O 12. Nd2 Bd7 13. Rc1 Be8 14. Bxe4 fxe4
15. f3 exf3 16. Qxf3 Nd7 17. Qg3 Rxf1+ 18. Rxf1 Nxe5 19. dxe5 Qe7 20. Nf3 c5
21. Qg4 Bg6 22. Rd1 Rd8 23. h4 Bf5 24. Qf4 Rf8 25. Qg3 Rd8 26. Qf4 Rf8 27. Qg3
1/2-1/2

[Event "O Pohár mìsta Øíèany 2014 - OPEN A"]
[Site "Øíèany"]
[Date "2014.08.24"]
[Round "3.13"]
[White "Fuskova, Martina"]
[Black "Kohout, Vratislav"]
[Result "1-0"]
[WhiteElo "1948"]
[BlackElo "2119"]
[PlyCount "59"]
[EventDate "2014.??.??"]

1. e4 c5 2. Nf3 e6 3. d4 cxd4 4. Nxd4 Nf6 5. Nc3 d6 6. g4 h6 7. h4 Nc6 8. Rg1
Nd7 9. Be3 a6 10. g5 hxg5 11. hxg5 g6 12. Qd2 Qc7 13. O-O-O Nc5 14. f4 Bd7 15.
Bg2 O-O-O 16. Qf2 Kb8 17. Kb1 Be7 18. a3 Qa5 19. Nb3 Qc7 20. e5 b6 21. exd6
Bxd6 22. Nxc5 Bxc5 23. Bxc5 bxc5 24. Qxc5 Rc8 25. Rd6 Rh2 26. Na4 Be8 27. Bd5
Rh4 28. Rg3 Qa7 29. Rb3+ Kc7 30. Rxc6+ 1-0

[Event "O Pohár mìsta Øíèany 2014 - OPEN A"]
[Site "Øíèany"]
[Date "2014.08.24"]
[Round "3.14"]
[White "Hradecky, Ivo"]
[Black "Stojkovic, Andreja"]
[Result "1-0"]
[WhiteElo "2090"]
[BlackElo "1970"]
[PlyCount "107"]
[EventDate "2014.??.??"]

1. e4 c5 2. Nf3 Nf6 3. d3 Nc6 4. g3 d6 5. Bg2 g6 6. O-O Bg7 7. c3 O-O 8. Nbd2
Bg4 9. h3 Bxf3 10. Nxf3 Qc7 11. Re1 e5 12. Be3 Rfe8 13. Qc2 Rac8 14. Nd2 b5 15.
a4 a6 16. Ra2 b4 17. Raa1 Rb8 18. d4 exd4 19. cxd4 cxd4 20. Bxd4 Qd7 21. Be3
Ne5 22. f4 b3 23. Qb1 Nc6 24. Ra3 d5 25. e5 Nh5 26. Kh2 Nb4 27. Nxb3 Bf8 28.
Nd4 Rec8 29. Rc1 Ng7 30. Rxc8 Rxc8 31. Rc3 Ne6 32. Qd1 Nc5 33. b3 Rc7 34. g4
Na2 35. Rc2 Nb4 36. Rd2 Ne6 37. Nc2 Nxc2 38. Rxc2 Rxc2 39. Qxc2 d4 40. Bd2 Nc5
41. Qc4 Qe6 42. Bd5 Qb6 43. Bxf7+ Kg7 44. f5 Ne4 45. Bf4 g5 46. Bc1 Bb4 47. Bd5
Nc3 48. Bg8 Qb7 49. Bxg5 Nd1 50. Bf6+ Kf8 51. Bd5 Qb8 52. Qxd4 Nc3 53. Bc4 Qb7
54. Qd8# 1-0

[Event "O Pohár mìsta Øíèany 2014 - OPEN A"]
[Site "Øíèany"]
[Date "2014.08.24"]
[Round "3.15"]
[White "Hrdina, Robin"]
[Black "Petr, Jakub"]
[Result "1-0"]
[Result "1-0"]
[WhiteElo "2077"]
[BlackElo "1657"]
[PlyCount "45"]
[EventDate "2014.??.??"]

1. e4 c5 2. Nf3 d6 3. d4 cxd4 4. Nxd4 Nf6 5. Nc3 a6 6. f4 e5 7. Nf3 Nbd7 8. a4
b6 9. Bd3 Bb7 10. O-O Be7 11. Qe1 O-O 12. Kh1 Qc7 13. Nh4 g6 14. f5 d5 15. Bh6
Rfe8 16. fxg6 fxg6 17. exd5 e4 18. Nxe4 Nxe4 19. Qxe4 Bg5 20. Qd4 Bxh6 21. d6
Qc6 22. Bc4+ Qxc4 23. Qxc4+ 1-0

[Event "O Pohár mìsta Øíèany 2014 - OPEN A"]
[Site "Øíèany"]
[Date "2014.08.24"]
[Round "3.16"]
[White "Civin, Dominik"]
[Black "Skacel, Jan"]
[Result "0-1"]
[WhiteElo "1601"]
[BlackElo "2075"]
[PlyCount "76"]
[EventDate "2014.??.??"]

1. c4 c5 2. g3 g6 3. Bg2 Nc6 4. Nc3 Bg7 5. e4 d6 6. d3 Nf6 7. Nge2 O-O 8. O-O
a6 9. Rb1 Rb8 10. f4 Bg4 11. h3 Bxe2 12. Nxe2 Ne8 13. f5 b5 14. b3 Ne5 15. Bb2
Nc7 16. g4 Na8 17. g5 Nb6 18. h4 bxc4 19. dxc4 a5 20. Nf4 a4 21. Nd3 axb3 22.
axb3 Nbd7 23. Nxe5 Nxe5 24. Ba1 Nd7 25. Bxg7 Kxg7 26. h5 f6 27. hxg6 hxg6 28.
gxf6+ Rxf6 29. fxg6 Rxg6 30. Qd5 Ne5 31. Rbd1 Qg8 32. Rb1 Qxd5 33. cxd5 Rf6 34.
Rfd1 Rb4 35. Re1 Rg6 36. Kh2 Rb8 37. Bh3 Nf3+ 38. Kh1 Rh8 0-1

[Event "O Pohár mìsta Øíèany 2014 - OPEN A"]
[Site "Øíèany"]
[Date "2014.08.24"]
[Round "3.17"]
[White "Svatos, Jan"]
[Black "Tejkal, Jiri"]
[Result "1-0"]
[WhiteElo "2233"]
[BlackElo "1941"]
[PlyCount "57"]
[EventDate "2014.??.??"]

1. d4 d5 2. c4 c6 3. Nf3 Nf6 4. Nc3 a6 5. cxd5 cxd5 6. Bf4 Nc6 7. e3 g6 8. Ne5
Bg7 9. Be2 O-O 10. O-O Bd7 11. Nxd7 Qxd7 12. Na4 Qd8 13. Qb3 b5 14. Nc5 Na5 15.
Qb4 Nc4 16. a4 e5 17. dxe5 Nh5 18. Bxh5 gxh5 19. axb5 axb5 20. Rxa8 Qxa8 21.
Nd7 Rd8 22. Qxb5 Qc8 23. Nf6+ Bxf6 24. exf6 Nd2 25. Ra1 Ne4 26. Qb6 Re8 27. f3
Nd2 28. Qd4 Nb3 29. Qxd5 1-0

[Event "O Pohár mìsta Øíèany 2014 - OPEN A"]
[Site "Øíèany"]
[Date "2014.08.24"]
[Round "3.18"]
[White "Havelka, Jan"]
[Black "Vojta, Pavel"]
[Result "0-1"]
[WhiteElo "1891"]
[BlackElo "2225"]
[PlyCount "88"]
[EventDate "2014.??.??"]

1. e4 c5 2. Nc3 d6 3. f4 Nc6 4. Bb5 Bd7 5. Nf3 e6 6. O-O Be7 7. d3 a6 8. Bxc6
Bxc6 9. Qe1 Qc7 10. Bd2 h5 11. a3 Nh6 12. b4 Bf6 13. bxc5 dxc5 14. e5 Be7 15.
Ne4 Nf5 16. Rb1 b6 17. Bc3 Rd8 18. Nd6+ Nxd6 19. exd6 Bxd6 20. f5 Bxf3 21. Rxf3
e5 22. f6 g6 23. Re3 Kd7 24. Bxe5 Rhe8 25. Bxd6 Rxe3 26. Bxc7 Rxe1+ 27. Rxe1
Kxc7 28. Kf2 Kc6 29. Kg3 Rd6 30. Rf1 Rd5 31. Kh4 Kd6 32. g4 hxg4 33. Kxg4 Re5
34. h4 b5 35. Rf4 a5 36. c4 b4 37. d4 Rf5 38. dxc5+ Kxc5 39. axb4+ axb4 40.
Rxf5+ gxf5+ 41. Kxf5 b3 42. Kg5 b2 43. Kh6 b1=Q 44. h5 Qf5 0-1

[Event "O Pohár mìsta Øíèany 2014 - OPEN A"]
[Site "Øíèany"]
[Date "2014.08.24"]
[Round "3.19"]
[White "Pospisil, Evzen"]
[Black "Vorackova, Jarmila"]
[Result "1-0"]
[WhiteElo "2104"]
[BlackElo "1936"]
[PlyCount "35"]
[EventDate "2014.??.??"]

1. d4 d5 2. Nf3 Nf6 3. g3 c6 4. Bg2 Nbd7 5. O-O e6 6. Nbd2 Bd6 7. c4 e5 8. cxd5
Nxd5 9. Nc4 Qe7 10. Nxd6+ Qxd6 11. dxe5 Nxe5 12. e4 Bg4 13. exd5 Qf6 14. Bf4
Nxf3+ 15. Bxf3 Bxf3 16. Re1+ Kf8 17. Qxf3 g5 18. Qa3+ 1-0

[Event "O Pohár mìsta Øíèany 2014 - OPEN A"]
[Site "Øíèany"]
[Date "2014.08.24"]
[Round "3.20"]
[White "Grecny, Karol"]
[Black "Postupa, Martin"]
[Result "0-1"]
[WhiteElo "1888"]
[BlackElo "2085"]
[PlyCount "94"]
[EventDate "2014.??.??"]

1. e4 e5 2. Nf3 Nc6 3. Bb5 d6 4. c3 Bd7 5. d3 Be7 6. Be3 Nf6 7. Nbd2 a6 8. Ba4
b5 9. Bc2 Ng4 10. Nf1 O-O 11. h3 Nxe3 12. Nxe3 Bg5 13. Nxg5 Qxg5 14. g4 b4 15.
Qf3 bxc3 16. bxc3 Rab8 17. Ba4 Nd4 18. cxd4 Bxa4 19. d5 Bb5 20. Ng2 h5 21. O-O
hxg4 22. hxg4 Bd7 23. Ne3 g6 24. Qg3 Kg7 25. Rac1 Rbd8 26. f4 exf4 27. Rxf4 f5
28. Rcf1 fxg4 29. Rxf8 Rxf8 30. Rxf8 Kxf8 31. d4 Ke7 32. Ng2 Qc1+ 33. Kh2 Qh6+
34. Kg1 Qh3 35. Qf4 g3 36. Qh4+ Qxh4 37. Nxh4 Kf6 38. Kg2 c6 39. dxc6 Bxc6 40.
d5 Bb5 41. Kxg3 Bd3 42. Kf3 g5 43. Nf5 Ke5 44. Ng3 g4+ 45. Ke3 Bc2 46. Nf5 Bxe4
47. Nxd6 Bxd5 0-1

[Event "O Pohár mìsta Øíèany 2014 - OPEN A"]
[Site "Øíèany"]
[Date "2014.08.24"]
[Round "3.21"]
[White "Paulovic, Milan"]
[Black "Lacza, Tibor"]
[Result "0-1"]
[WhiteElo "1855"]
[BlackElo "2067"]
[PlyCount "50"]
[EventDate "2014.??.??"]

1. b3 e5 2. Bb2 Nc6 3. e3 d5 4. d4 exd4 5. exd4 Nf6 6. Nf3 Bd6 7. Be2 O-O 8.
O-O Re8 9. Re1 Bf5 10. Nh4 Bd7 11. g3 Ne4 12. Bf3 Qf6 13. Bxe4 dxe4 14. c4 Qg5
15. Ng2 Nb4 16. Re3 Nd3 17. Bc3 Bg4 18. Qf1 f5 19. c5 Be7 20. Nd2 Bf6 21. Ne1
Nxe1 22. Raxe1 Qh5 23. f3 exf3 24. Rxe8+ Rxe8 25. Rxe8+ Qxe8 0-1

[Event "O Pohár mìsta Øíèany 2014 - OPEN A"]
[Site "Øíèany"]
[Date "2014.08.24"]
[Round "3.22"]
[White "Simecek, Bohumil"]
[Black "Kaiser, Rudolf"]
[Result "1-0"]
[WhiteElo "2058"]
[BlackElo "1925"]
[PlyCount "113"]
[EventDate "2014.??.??"]

1. d4 e5 2. dxe5 Nc6 3. Nf3 Qe7 4. Qd5 f6 5. exf6 Nxf6 6. Qb3 b6 7. e3 Bb7 8.
Be2 Ne5 9. Nbd2 d5 10. O-O Nc6 11. c3 Qd7 12. Qc2 Bd6 13. b3 O-O 14. Bb2 Rae8
15. Rad1 Ne5 16. Nxe5 Bxe5 17. Nf3 Bd6 18. h3 c5 19. c4 Qe7 20. cxd5 Kh8 21.
Bb5 Rc8 22. e4 Qxe4 23. Qxe4 Nxe4 24. Rfe1 Nf6 25. Re6 Rcd8 26. Bxf6 gxf6 27.
Kf1 Bc8 28. Ree1 Bb7 29. Bc6 Ba6+ 30. Kg1 c4 31. Nd4 Rg8 32. bxc4 Bxc4 33. Re6
Be5 34. Nf3 Bxa2 35. Nxe5 fxe5 36. Rxe5 Rd6 37. Ra1 Bc4 38. Rxa7 Rdg6 39. g3
Rf6 40. Ree7 Bd3 41. Rf7 Rd6 42. Rad7 Rxd7 43. Rxd7 Bf5 44. Rb7 Ra8 45. Rxh7+
Kxh7 46. Bxa8 b5 47. Bc6 b4 48. Ba4 Kg7 49. g4 Be4 50. Bb3 Kf6 51. f4 Ke7 52.
Kf2 Kd6 53. Ke3 Bxd5 54. Bxd5 Kxd5 55. Kd3 b3 56. Kc3 Ke4 57. f5 1-0

[Event "O Pohár mìsta Øíèany 2014 - OPEN A"]
[Site "Øíèany"]
[Date "2014.08.24"]
[Round "3.25"]
[White "Matejovsky, Ondrej"]
[Black "Pavlicek, Petr"]
[Result "1/2-1/2"]
[WhiteElo "2014"]
[BlackElo "1894"]
[PlyCount "58"]
[EventDate "2014.??.??"]

1. e4 e5 2. Nf3 Nc6 3. Nc3 Nf6 4. Bb5 Bb4 5. O-O O-O 6. d3 d6 7. Bg5 h6 8. Bxf6
gxf6 9. Nd5 Bc5 10. Nh4 Nd4 11. Bc4 f5 12. Qh5 Qg5 13. Qxg5+ hxg5 14. Nxf5 Bxf5
15. exf5 Nxc2 16. Nxc7 Rac8 17. Nd5 Nxa1 18. Ne7+ Kg7 19. Nxc8 Rxc8 20. Rxa1
Bd4 21. g4 b5 22. Bxb5 Bxb2 23. Rb1 Rc1+ 24. Rxc1 Bxc1 25. Bc6 f6 26. Kg2 Bd2
27. Kf3 Kf8 28. Ke4 Bc3 29. Kd5 Ke7 1/2-1/2

[Event "O Pohár mìsta Øíèany 2014 - OPEN A"]
[Site "Øíèany"]
[Date "2014.08.24"]
[Round "3.26"]
[White "Kolasin, Jan"]
[Black "Jandl, Vojtech"]
[Result "1-0"]
[WhiteElo "2008"]
[BlackElo "1881"]
[PlyCount "90"]
[EventDate "2014.??.??"]

1. e4 e5 2. Nf3 Nf6 3. d3 Nc6 4. Be2 Be7 5. O-O O-O 6. c3 d5 7. Qc2 h6 8. Nbd2
Be6 9. b4 a6 10. a3 b5 11. Bb2 Qd7 12. Rfd1 Rfd8 13. Rac1 a5 14. c4 bxc4 15.
dxc4 d4 16. b5 d3 17. Bxd3 Qxd3 18. Qxd3 Rxd3 19. bxc6 Rad8 20. Re1 Bxa3 21.
Bxa3 Rxa3 22. Nb1 Rb3 23. Nxe5 Rd4 24. f3 Ne8 25. c5 f6 26. Ng6 Bf7 27. Ne7+
Kf8 28. Nf5 Rdd3 29. Red1 Rxd1+ 30. Rxd1 a4 31. Nd4 Rb4 32. Na3 g6 33. Ndb5 Bc4
34. Nxc7 Nxc7 35. Rd8+ Ne8 36. Nxc4 Ke7 37. Rd7+ Ke6 38. Nd6 a3 39. Nxe8 a2 40.
Nc7+ Ke5 41. Kf2 f5 42. Re7+ Kd4 43. Ne6+ Kc3 44. Ra7 Rb2+ 45. Kg3 f4+ 1-0

[Event "O Pohár mìsta Øíèany 2014 - OPEN A"]
[Site "Øíèany"]
[Date "2014.08.24"]
[Round "3.27"]
[White "Stork, Rostislav"]
[Black "Pychova, Nela"]
[Result "1/2-1/2"]
[WhiteElo "1807"]
[BlackElo "2006"]
[PlyCount "48"]
[EventDate "2014.??.??"]

1. e4 c6 2. d4 d5 3. exd5 cxd5 4. c4 Nf6 5. Nf3 Nc6 6. Nc3 e6 7. c5 Be7 8. a3
O-O 9. b4 a6 10. Be2 Qc7 11. O-O Rd8 12. g3 b6 13. Bf4 Qb7 14. Na4 Nd7 15. Re1
Bf6 16. cxb6 Nxb6 17. Nc5 Qa7 18. Rc1 Ne7 19. Bd3 Ng6 20. Bg5 Qe7 21. h4 Nd7
22. Qe2 Nb8 23. Kg2 Bxg5 24. hxg5 Bb7 1/2-1/2

[Event "O Pohár mìsta Øíèany 2014 - OPEN A"]
[Site "Øíèany"]
[Date "2014.08.24"]
[Round "3.28"]
[White "Skala, Jaromir"]
[Black "Horyna, Josef"]
[Result "1/2-1/2"]
[WhiteElo "2006"]
[BlackElo "1854"]
[PlyCount "108"]
[EventDate "2014.??.??"]

1. d4 Nf6 2. c4 g6 3. Nc3 Bg7 4. e4 d6 5. Nf3 O-O 6. Be2 e5 7. O-O Nc6 8. d5
Ne7 9. b4 a5 10. Ba3 axb4 11. Bxb4 b6 12. a4 Nd7 13. a5 Nc5 14. Qc2 Bd7 15. Ra3
bxa5 16. Bxa5 f5 17. Nd2 f4 18. Rfa1 Rb8 19. f3 g5 20. Nb3 Nb7 21. c5 Nxa5 22.
Rxa5 h5 23. c6 Be8 24. Ra7 Ng6 25. Nb5 Rf7 26. Na5 g4 27. Nb7 Qg5 28. N7xd6
gxf3 29. Bxf3 Nh4 30. Qe2 Nxf3+ 31. Qxf3 cxd6 32. c7 Rc8 33. Nxd6 Rfxc7 34.
Rxc7 Rxc7 35. Nxe8 Rd7 36. Nxg7 Kxg7 37. Qh3 Qg4 38. Qc3 Qg5 39. Ra6 f3 40. g3
Rf7 41. Kf2 h4 42. Re6 hxg3+ 43. hxg3 Kh7 44. Rxe5 Qh6 45. Rf5 Qh2+ 46. Kxf3
Qh1+ 47. Kg4 Qxe4+ 48. Rf4 Rxf4+ 49. gxf4 Qxd5 50. Qc7+ Kg6 51. Qb6+ Kg7 52.
Qb2+ Kg6 53. Qc2+ Kg7 54. f5 Qd4+ 1/2-1/2

[Event "O Pohár mìsta Øíèany 2014 - OPEN A"]
[Site "Øíèany"]
[Date "2014.08.24"]
[Round "3.30"]
[White "Vorisek, Jakub"]
[Black "Hurtak, Otto"]
[Result "0-1"]
[WhiteElo "1616"]
[BlackElo "1995"]
[PlyCount "50"]
[EventDate "2014.??.??"]

1. e4 c5 2. d4 cxd4 3. c3 dxc3 4. Nxc3 Nc6 5. Nf3 a6 6. Bc4 e6 7. O-O b5 8. Bb3
d6 9. Qe2 Ra7 10. Rd1 Rd7 11. Bf4 Be7 12. Rac1 Bb7 13. a3 Nf6 14. Bg3 Nh5 15.
Nd4 Nxg3 16. hxg3 Nxd4 17. Rxd4 O-O 18. Qd3 Bf6 19. Rb4 d5 20. exd5 Bxc3 21.
Rxc3 Bxd5 22. Bxd5 Rxd5 23. Qc2 Rd2 24. Qb3 Qf6 25. Rd3 Qxf2+ 0-1

[Event "O Pohár mìsta Øíèany 2014 - OPEN A"]
[Site "Øíèany"]
[Date "2014.08.24"]
[Round "3.31"]
[White "Polak, Jiri"]
[Black "Postupa st., Pavel"]
[Result "0-1"]
[WhiteElo "1765"]
[BlackElo "1981"]
[PlyCount "69"]
[EventDate "2014.??.??"]

1. e4 c5 2. Nf3 e6 3. d4 cxd4 4. Nxd4 Nf6 5. Nc3 Nc6 6. Ndb5 d6 7. Bf4 e5 8.
Bg5 a6 9. Bxf6 gxf6 10. Na3 Be6 11. Nd5 f5 12. Nc4 b5 13. Ncb6 Rb8 14. exf5
Bxf5 15. Ne3 Be6 16. Nbd5 Bg7 17. g3 Qa5+ 18. c3 b4 19. Bg2 bxc3 20. Nxc3 Nd4
21. O-O Rxb2 22. Rc1 O-O 23. Ncd5 Ne2+ 24. Kh1 Nxc1 25. Qxc1 Qxa2 26. Ne7+ Kh8
27. N3f5 f6 28. Kg1 Rc2 29. Qd1 Rd2 30. Qh5 Bxf5 31. Qxf5 Rd4 32. Rb1 Qf7 33.
Nc6 Ra4 34. Be4 Rxe4 35. Qxe4 0-1

[Event "O Pohár mìsta Øíèany 2014 - OPEN A"]
[Site "Øíèany"]
[Date "2014.08.24"]
[Round "3.32"]
[White "Hanl, Frantisek"]
[Black "Zavurkova, Monika"]
[Result "1/2-1/2"]
[WhiteElo "1972"]
[BlackElo "1720"]
[PlyCount "58"]
[EventDate "2014.??.??"]

1. e4 e6 2. Nf3 c5 3. d4 cxd4 4. Nxd4 Nc6 5. c4 Nf6 6. Nc3 d6 7. Be2 Be7 8. Be3
O-O 9. O-O a6 10. f4 Qc7 11. Rc1 Nxd4 12. Bxd4 Bd7 13. e5 dxe5 14. fxe5 Ne8 15.
Bf3 Rd8 16. Ne4 Bc6 17. c5 f6 18. Nd6 fxe5 19. Bxc6 Qxc6 20. Rxf8+ Bxf8 21.
Bxe5 Nxd6 22. cxd6 Qb6+ 23. Kh1 Bxd6 24. Bxd6 Qxd6 25. Qe2 Qd5 26. a3 e5 27. h3
e4 28. Re1 Re8 29. Qe3 Re6 1/2-1/2

[Event "O Pohár mìsta Øíèany 2014 - OPEN A"]
[Site "Øíèany"]
[Date "2014.08.24"]
[Round "3.33"]
[White "Jirousek, Filip"]
[Black "Vrtiakova, Anna"]
[Result "0-1"]
[WhiteElo "1778"]
[BlackElo "1954"]
[PlyCount "56"]
[EventDate "2014.??.??"]

1. f4 d5 2. Nf3 g6 3. e3 Bg7 4. Nc3 Nf6 5. Be2 O-O 6. O-O c5 7. d3 Nc6 8. Bd2
b6 9. Rb1 Bb7 10. a3 e6 11. Na2 a5 12. Nc3 Ba6 13. a4 Re8 14. Re1 e5 15. fxe5
Nxe5 16. Nxe5 Rxe5 17. Bf3 Rc8 18. e4 dxe4 19. Bxe4 Nxe4 20. Rxe4 Rxe4 21. Nxe4
Qd4+ 22. Kh1 Qxa4 23. Qf3 Qc6 24. Rf1 f5 25. Bg5 c4 26. Qf4 Bb7 27. Bh6 Bxh6
28. Qxh6 fxe4 0-1

[Event "O Pohár mìsta Øíèany 2014 - OPEN A"]
[Site "Øíèany"]
[Date "2014.08.24"]
[Round "3.34"]
[White "Forman, Miroslav"]
[Black "Zizka, Petr"]
[Result "1-0"]
[WhiteElo "196"]
[BlackElo "1624"]
[PlyCount "59"]
[EventDate "2014.??.??"]

1. d4 Nf6 2. c4 g6 3. Nc3 Bg7 4. e4 d6 5. Nf3 O-O 6. Be2 e5 7. O-O Nc6 8. d5
Ne7 9. b4 Nd7 10. Ba3 f5 11. Ng5 Nf6 12. Bf3 h6 13. Ne6 Bxe6 14. dxe6 f4 15. c5
Nc6 16. cxd6 cxd6 17. Nb5 a6 18. Nxd6 b5 19. Bb2 Nh7 20. Qd5 Ne7 21. Qc5 Ng5
22. Bg4 h5 23. h4 Nxe4 24. Nxe4 Rc8 25. Qa7 Ra8 26. Qb7 Rb8 27. Qxa6 Rb6 28.
Qa7 hxg4 29. Rfd1 Qa8 30. Qxe7 1-0

[Event "O Pohár mìsta Øíèany 2014 - OPEN A"]
[Site "Øíèany"]
[Date "2014.08.24"]
[Round "3.35"]
[White "Kalvach, Ladislav"]
[Black "Vorsilka, Jiri"]
[Result "1/2-1/2"]
[WhiteElo "1924"]
[BlackElo "1691"]
[PlyCount "66"]
[EventDate "2014.??.??"]

1. e4 Nf6 2. Nc3 d5 3. exd5 Nxd5 4. Bc4 Nb6 5. Bb3 Nc6 6. Qf3 e6 7. Nge2 Bd6 8.
d4 O-O 9. Ne4 Bd7 10. c3 h6 11. Nxd6 cxd6 12. Qg3 Qf6 13. Qxd6 Qg6 14. O-O Na5
15. Qg3 Qxg3 16. Nxg3 Nxb3 17. axb3 Bc6 18. Re1 Nd7 19. Bf4 Rfe8 20. Ra5 b6 21.
Raa1 g5 22. Bd6 Nf6 23. Re2 a5 24. Bc7 Nd5 25. Be5 f6 26. c4 fxe5 27. cxd5 Bxd5
28. Rxe5 Bxb3 29. Rb5 a4 30. Ne4 Red8 31. Rxb6 Rxd4 32. Rxb3 Rxe4 33. Re3 Rb4
1/2-1/2